Statistics for Old Flags Of Nations North Africa Editon

Click here to take the quiz!

General Stats

  • This quiz has been taken 20 times
  • The average score is 7 of 15

Answer Stats

Answer% Correct
Egypt
88%
Mauritania
88%
Morocco
75%
Burkina Faso
63%
Libya
63%
Mali
63%
Tunisia
63%
Algeria
50%
Chad
38%
Senegal
38%
South Sudan
38%
Sudan
38%
Niger
25%
Gambia
13%
Guinea Bissau
0%

Score Distribution

Percentile by Number Answered

Percent of People with Each Score

Your Score History

You have not taken this quiz